El profeta de la pampa : vida de sarmiento /

Guardado en:
Autor Principal: Rojas, Ricardo
Formato: Libro
Publicado: Buenos Aires : Losada, 1945
Materias:
Etiquetas: Agregar Etiqueta
Sin Etiquetas, Sea el primero en etiquetar este registro!
LEADER 00528nam a22001815a 4500
001 EHU.bham024261
003 AR-BHAM
005 20130507141437.0
008 130507s1945##################000#0#####d
082 9 2 |a 923 
100 1 |a Rojas, Ricardo 
245 1 0 |a El profeta de la pampa :  |b vida de sarmiento /  |c Ricardo Rojas 
260 |a Buenos Aires :  |b Losada,  |c 1945 
300 |a 728 p. 
653 |a Donacion lejarraga 
653 |a Sarmiento 
653 |a Biografias de proceres 
859 |a AR-BHAM  |b BIB. HUMANIDADES - General  |h 923  |i SA74R  |p 7.02  |t Ej.1